Carmen - Lyrics - Statistics

General Stats
  • This quiz has been taken 15 times
  • The average score is 260 of 355
Answer Stats
Answer % Correct
a
100%
be
100%
Carmen
100%
Carmen,
100%
have
100%
she
100%
She
100%
to
100%
an
93%
can
93%
Doesn't
93%
her
93%
Her
93%
problem
93%
the
93%
The
93%
alarming,
86%
all
86%
and
86%
And
86%
boys,
86%
but
86%
butterflies,
86%
butterflies
86%
'Cause
86%
Darling,
86%
darling
86%
don't
86%
Don't
86%
dont
86%
for
86%
girl
86%
gives
86%
herself
86%
How
86%
It's
86%
laughs
86%
like
86%
Like
86%
Lying
86%
Lying,
86%
lying"
86%
says,
86%
shelf
86%
she's
86%
She's
86%
them
86%
They
86%
top
86%
"You
86%
you
86%
charming
79%
dying,
79%
dying"
79%
free
79%
girls
79%
high
79%
honestly
79%
liquor's
79%
me
79%
on
79%
on,
79%
so
79%
wanna
79%
want
79%
way
79%
your
79%
Coney
71%
diamond
71%
everyone
71%
Fooling
71%
fun
71%
fun,
71%
get
71%
getting
71%
go
71%
God
71%
having
71%
I'm
71%
Island
71%
I've
71%
know
71%
lightning,
71%
lightning
71%
mean
71%
of
71%
que
71%
queen
71%
see
71%
seen
71%
Street
71%
things
71%
this
71%
truly
71%
walk
71%
with
71%
you're
71%
again
64%
age
64%
alive
64%
Baby's
64%
by
64%
camera's
64%
cartoon
64%
cherry
64%
cream
64%
day
64%
doing
64%
dress
64%
dressed
64%
dumb
64%
early
64%
Famous
64%
ice
64%
kindness
64%
lipstick
64%
little
64%
mind's
64%
night
64%
now
64%
nowhere
64%
party
64%
Put
64%
put
64%
red
64%
Relying
64%
seventeen,
64%
Smiling,
64%
soft
64%
still
64%
story
64%
strangers
64%
Telling
64%
That's
64%
up
64%
at
57%
disarming
57%
Eating
57%
eyes
57%
favors
57%
je
57%
Je
57%
knots
57%
Looking
57%
morning
57%
Only
57%
shining
57%
Sing
57%
song,
57%
streets
57%
Tying
57%
walks
57%
as
50%
'em
50%
lies
50%
star
50%
tiring,
50%
tiring"
50%
tu
50%
Tu
50%
amour,
43%
Audiotune
43%
bats
43%
Bats
43%
Mon
43%
pour
43%
sais
43%
Staying
43%
'til
43%
White
43%
whoa,
43%
whoa
43%
aussi
36%
besoin
36%
de
36%
m'aimes
36%
moi,
36%
moi
36%
ne
36%
peux
36%
sans
36%
toi
36%
tuerais
36%
vivre
36%
Et
29%
mourrais
29%
dans
21%
ta
21%
vie
21%
No matching quizzes found
Score Distribution
Percent of People with Each Score
Percentile by Number Answered
Your Score History
You have not taken this quiz